| 000 | 00576nam a2200193Ia 4500 | ||
|---|---|---|---|
| 003 | GCL | ||
| 008 | 140319s9999 xx 000 0 ara d | ||
| 040 |
_aGCL / _cGCL |
||
| 082 | 0 | 4 |
_a245.8 _bس م |
| 100 | 1 | _aسميرة فرحات | |
| 245 | 1 | 0 |
_aمعجم الباقلانى فى كتبه الثلاث / _cسميرة فرحات |
| 260 |
_aبيروت : _bالمؤسسة الحديثة للكتاب ، _c1991 |
||
| 300 | _a544 | ||
| 490 | _a | ||
| 650 | 0 | 4 | _aالفرق الاسلامية |
| 650 | 0 | 4 | _aالاشاعرة |
| 650 | 0 | 4 | _aعلم الكلام |
| 942 |
_2ddc _cBK |
||
| 999 |
_c58978 _d58978 |
||